Neziskové organizácie poskytujúce všeobecne prospešné služby

K zákonu Národnej rady SR č. 213/1997 Z. z. o neziskových organizáciách, ktorý ustanovuje ich vznik, zánik, postavenie orgánov, zápis do registra, kompetencie, hospodárenie a iné vzťahy súvisiace s ich činnosťou. Určenie právnej formy. Požiadavky na obsah právnej úpravy. Všeobecné požiadavky na obsa...

Ausführliche Beschreibung

Gespeichert in:
Bibliographische Detailangaben
1. Verfasser: Ukrop, Milan
Format: Buchkapitel
Sprache:Slowakisch
Schlagworte:
Tags: Tag hinzufügen
Keine Tags, Fügen Sie das erste Tag hinzu!

MARC

LEADER 00000naa a2200000 4500
001 r027413
005 20230824091321.3
041 0 |a slo 
044 |a SK 
245 1 0 |a Neziskové organizácie poskytujúce všeobecne prospešné služby  |c Milan Ukrop 
520 |a K zákonu Národnej rady SR č. 213/1997 Z. z. o neziskových organizáciách, ktorý ustanovuje ich vznik, zánik, postavenie orgánov, zápis do registra, kompetencie, hospodárenie a iné vzťahy súvisiace s ich činnosťou. Určenie právnej formy. Požiadavky na obsah právnej úpravy. Všeobecné požiadavky na obsahovú stránku zákonov o neziskových organizáciách. Registrácia a zánik. Hospodárenie a zisk. 
610 2 0 |a Slovensko 
610 2 0 |a 1997 
610 2 0 |a zákony 
610 2 0 |a organizácie neziskové 
610 2 0 |a organizácie nevládne 
610 2 0 |a služby 
100 1 |a Ukrop, Milan